Normal view
MARC view
Entry Topical Term
001 - CONTROL NUMBER
- control field: 42460
003 - CONTROL NUMBER IDENTIFIER
- control field: ARRUPE
005 - DATE AND TIME OF LATEST TRANSACTION
- control field: 20180920161145.0
008 - FIXED-LENGTH DATA ELEMENTS
- fixed length control field: 180920|| aca||aabn | a|a d
040 ## - CATALOGING SOURCE
- Original cataloging agency: ARRUPE
- Transcribing agency: ARRUPE
150 ## - HEADING--TOPICAL TERM
- Topical term or geographic name as entry element: Metaphysics.
670 ## - SOURCE DATA FOUND
- Source citation: Work cat.: (ARRUPE)0: Schelling, Friedrich Wilhelm Joseph von, 1775-1854. 42459, Bruno, or, On the natural and the divine principle of things /, c1984.